000 00562nam a22002057a 4500
003 OSt
005 20240227114249.0
008 190516t xxu||||| |||| 00| 0 eng d
020 _a9781868725663
040 _c0
082 _a747
_bROO 2001
100 1 _aRoos, Karen
_9121467
245 1 0 _aEight styles/
_cKaren Roos
260 _bStruik Publishers;
_c2001.
300 _a144p.:
_bill;
_c25cm.
650 _aInterior decoration
_910376
650 _aLifestyles
_911378
942 _2ddc
_cBK
_aSADA
_k747 ROO 2001
999 _c608329
_d608329